Personnalités au hasard #14 - Statistiques

Statistiques générales
  • Ce quiz a été pris 428 fois
  • Le résultat moyen est 12 sur 32
Statistiques - réponses
Par images Réponse % Correct
Albert Einstein
92%
Mohamed Ali
87%
William de Galles
83%
Mylène Farmer
82%
Jules César
80%
Jean Castex
72%
JoeyStarr
70%
Bourvil
68%
Ryan Reynolds
54%
Lartiste
50%
Yvan Monka
47%
Anne Hathaway
44%
Sydney Sweeney
43%
Capucine Anav
34%
Steve Carell
27%
Laurent Romejko
24%
Clémentine Autain
23%
Daphné Bürki
23%
Stéphane Guillon
20%
Helena Noguerra
18%
Tom Selleck
18%
Ophélie Meunier
16%
Caroline Margeridon
15%
Élisabeth de Wittelsbach
15%
Klaus Barbie
15%
Olympe de Gouges
15%
Paulo Fonseca
10%
Charli XCX
9%
Charlotte d'Ornellas
8%
Barbara Schulz
3%
Marinette Pichon
2%
Stéphane Excoffier
2%
Aucun quiz correspondant
Distribution des résultats
% des personnes avec chaque résultat
Percentile par nombre de réponses
Votre historique - résultats
Vous n’avez pas pris ce quiz